000 00501nam a22001457a 4500
003 macl
005 20180410145849.0
008 180410b xxu||||| |||| 00| 0 eng d
040 _cmacl
100 _aरंजना श्रीवास्‍तव
_971928
245 _aफैसले अब हमारे हैं
260 _aनई दिल्‍ली
_bकल्‍याणी शिक्षा
_c2017
650 _aस्‍त्री विमर्श
_948553
942 _2ddc
_cHIN
999 _c57647
_d57647